Resignificación del liderazgo organizacional efectivo en puestos gerenciales hacia un enfoque humanizante y transformador que facilite la autorrealización y el bienestar integral /

Uloženo v:
Podrobná bibliografie
Hlavní autor: Sandoval Robles, Sarahí (autor)
Médium: Diplomová práce Kniha
Jazyk:španělština
Vydáno: Guadalajara, México : edición de autor, 2025
Témata:
On-line přístup:Ver documento en línea
Tagy: Přidat tag
Žádné tagy, Buďte první, kdo vytvoří štítek k tomuto záznamu!

MARC

LEADER 00000nam^a2200000^a^4500
001 000623366
005 20251027000000.0
009 20260526154412.273
037 |a Acervo ITESO - Biblioteca 
041 |a ESP 
090 |a MDH. 335 
100 |a Sandoval Robles, Sarahí  |e (autor) 
245 1 0 |a Resignificación del liderazgo organizacional efectivo en puestos gerenciales hacia un enfoque humanizante y transformador que facilite la autorrealización y el bienestar integral /  |c S. Sandoval Robles. 
264 1 |a Guadalajara, México :  |b edición de autor,  |c 2025 
300 |a 1 tesis electrónica en línea (151 p.) 
300 |a 1 recurso en línea 
336 |a datos para computadora  |b cod  |2 rdacontenido 
337 |a computadora  |b c  |2 rdamedio 
338 |a recurso en línea  |b cr  |2 rdasoporte 
502 |a ITESO Tesis de Maestría en Desarrollo Humano 
649 |a XX 
650 |a Empatía 
650 |a Inteligencia Emocional 
650 |a Solución de Problemas 
650 |a Competencia Comunicativa 
650 |a Liderazgo -  |x Aspectos Psicológicos -  |x Tema Principal 
650 |a Habilidades Directivas -  |x Tema Principal 
650 |a Comunicación Organizacional 
650 |a Cultura Organizacional 
650 |a Proceso Administrativo -  |x Dirección 
650 |a Desarrollo Humano 
650 |a Psicología Laboral 
650 |a Ciencias Administrativas 
856 4 0 |u https://hdl.handle.net/11117/11791  |y Ver documento en línea 
910 |a Fondo General 
920 |a Electrónicos - Tesis del ITESO en Línea 
930 |a Repositorio Institucional 
905 |a 201 
901 |a 623366-1  |b IT2  |c ETI  |u 20251027 
902 |a https://opac.biblio.iteso.mx/vufind/Record/000623366